01381nam a2200361 a 4500001001100000003000800011006001900019007001500038008004100053010001700094015001500111016001900126020001500145040002100160035002100181050002600202082001400228100003400242245010900276260003200385300001100417490005600428504005100484533015200535600001900687650003400706650003800740655002900778710001700807830005700824856012500881999001301006ebr5004093CaPaEBRm u cr cn|||||||||010611s2000 enk sb 001 0beng  z 00028075  aGBA1-333297 a04152348082Uk z0415234808 aCaPaEBRcCaPaEBR a(OCoLC)55940800714aHB109.S73bR66 2000eb04a330.12211 aRoncaglia, Alessandro,d1947-10aPiero Sraffah[electronic resource] :bhis life, thought, and cultural heritage /cAlessandro Roncaglia. aLondon :bRoutledge,c2000. a129 p.1 aRoutledge studies in the history of economics ;v38 aIncludes bibliographical references and index. aElectronic reproduction.bPalo Alto, Calif. :cebrary,d2013.nAvailable via World Wide Web.nAccess may be limited to ebrary affiliated libraries.10aSraffa, Piero. 0aEconomistszItalyvBiography. 0aEconomicsxHistoryy20th century. 7aElectronic books.2local2 aebrary, Inc. 0aRoutledge studies in the history of economics ;v38.40uhttp://site.ebrary.com/lib/rucke/Doc?id=5004093zAn electronic book accessible through the World Wide Web; click to view c719d719